| 000 | 01073nam a22002657i 4500 | ||
|---|---|---|---|
| 003 | DO-SdBNP | ||
| 005 | 20240821090021.0 | ||
| 007 | ta | ||
| 008 | 201016b ||||| |||| 00| 0 eng d | ||
| 020 | _a9789945000832 | ||
| 040 |
_aDO-SdBNP _bspa _cBNPHU _erda |
||
| 082 |
_a 348.7293046 _bG643e _222 |
||
| 100 | 1 | 0 |
_aGonzàlez Canahuate, L. Almanzor _eautor _95213 |
| 245 |
_aEnciclopedia jurisprudencial integrada : _bde las decisiones de la Suprema Corte de Justicia de la Repùblica Dominicana en materia de tierras / _cL. Almanzor Gonzàlez Canahuate |
||
| 264 |
_aSanto Domingo : _bCentenario, _c2007 |
||
| 300 |
_avolumen ; _c24 cm |
||
| 336 |
_2rdacontent _atexto _btxt |
||
| 337 |
_2rdamedia _asin mediación _bn |
||
| 338 |
_2rdacarrier _avolumen _bnc |
||
| 500 | _aVolumen XII, Tomo III (tierras), treinta y siete (37) años (1970-Diciembre 2006) | ||
| 590 | _aInventariado, 2020 / DG | ||
| 650 | 4 |
_aSuprema Corte de Justicia _xJurisprudencia _zRepública Dominicana _986248 |
|
| 910 | _aInventariado, 2020 / DG. Validado control de calidad/MAA | ||
| 942 |
_2ddc _cLBS1 |
||
| 999 |
_c48911 _d48911 |
||